Літопис українського життя в Канаді: доба дальших консолідаційних заходів і демографічних пересувів (дисперсія) 1950-1959 (Запис № 431443)

МАРК-запис
000 -Лідер
fixed length control field 01020nam a22002657a 4500
001 - Контрольний номер
control field 51316
003 - Ідентифікатор контрольного номера
control field UA-OsUOA
005 - Дата та час останнього входження (трансакції)
control field 20200304124525.0
007 - Фіксоване поле фізичного опису
fixed length control field ta
008 - Елементи даних фіксованої довжини – загальна інформація
fixed length control field 20140901b un ||||| |||| 00| 0 ukr d
040 ## - Джерело каталогізації
Агенція оригінальної каталогізації UA-OsUOA
Мова каталогізації ukr
Агенція, яка здійснювала перезапис UA-OsUOA
Агенція, яка здійснювала модифікацію UA-OsUOA
041 ## - Код мови
Код мови тексту/ звукової доріжки чи окремого заголовка (П) ukr
080 ## - Індекс Універсальної десяткової класифікації
Індекс Універсальної десяткової класифікації (УДК) (НП) 94(477).152 К
090 ## - Локальний шифр розміщення
Класифікаційний індекс УДК 94(477).152 К
Авторський знак (НП) В65
100 ## - Основне введення – ім’я особи
Ім’я особи (НП) Войценко О.
245 ## - Відомості про назву
Назва (НП) Літопис українського життя в Канаді: доба дальших консолідаційних заходів і демографічних пересувів (дисперсія) 1950-1959
Номер частини/ розділу роботи (П) т. 6
260 ## - Публікація, розповсюдження і т.п. (Вихідні дані)
Місце публікації, розповсюдження і т.п. (П) Едмонтон
Ім’я/ наймення видавництва, розповсюджувача і т.п. (П) Канадський інститут українських студій
Дата публікації, розповсюдження і т.п. (П) 1982
300 ## - Фізичний опис
Обсяг 416 с.
490 ## - Область серії
Позначення і номер тому / порядкове позначення т. 6
650 #7 - Додаткове предметне введення – тематичний термін
Тематичний термін чи географічна назва, як елемент введення (НП) 9 Географія. Біографії. Історія
Джерело заголовка чи терміна UDC
942 ## - Додаткові елементи входу (Коха)
Тип елемента Koha Книги
Source of classification or shelving scheme Universal Decimal Classification
955 ## - Код типу видання за змістом
Код типу видання за змістом (НП) Наукові видання
Фонди
Стан вилучень Стан втрат Джерело класифікації або схеми стелажів Стан уражень Не для кредиту Постійне місце розташування Поточне розміщення Дата придбання Джерело придбання Вартість, звичайна ціна покупки Інвентарний номер Усього замовленно Повний номер виклику Штрих-код Дата останнього перегляду Ціна ефективна від Тип елемента Koha
    Universal Decimal Classification     Наукова бібліотека ІДУД Наукова бібліотека ІДУД 01/09/2014 311/2014 1.00 2136967   94(477).152 К В65 2136967 14/09/2019 01/09/2014 Книги
    Universal Decimal Classification     Наукова бібліотека ІДУД Наукова бібліотека ІДУД 01/09/2014 311/2014 1.00 2136974   94(477).152 К В65 2136974 14/09/2019 01/09/2014 Книги